Loading...
Parishkrit Hindi vyakaran/
| Main Author: | |
|---|---|
| Format: | Printed Book |
| Published: |
New Delhi:
Prabhat Prakashan,
2001.
|
| LEADER | 00364 a2200109 4500 | ||
|---|---|---|---|
| 100 | |a Badri Nath Kapoor | ||
| 245 | |a Parishkrit Hindi vyakaran/ |c Badri Nath Kapoor | ||
| 260 | |a New Delhi: |b Prabhat Prakashan, |c 2001. | ||
| 300 | |a 268p. | ||
| 942 | |2 ddc |c BK | ||
| 999 | |c 238047 |d 238047 | ||
| 952 | |0 0 |1 0 |4 0 |7 0 |9 264336 |a HIN |b HIN |c S-2 |d 2011-06-23 |i 17191 |l 0 |p HIN17191 |r 2011-06-23 |w 2014-02-07 |y BK | ||